| 000 | 00949nam a2200241 i 4500 | ||
|---|---|---|---|
| 001 | 117797 | ||
| 003 | ES-MaACL | ||
| 005 | 20251015063118.0 | ||
| 007 | t| | ||
| 008 | 070214n19001950sp r ||||1| spa d | ||
| 100 | 1 |
_aPapini, Giovanni, _d1881-1956 _988874 |
|
| 245 | 1 | 3 |
_aEl crepúsculo de los filósofos _b: Kant, Hegel, Schopenhauer, Comte, Spencer, Nietzsche / _cpor Giovanni Papini (Gian-Falco) [Seud.] ; traducción del italiano por José Sánchez Rojas. |
| 260 |
_aMadrid : _bLa España Moderna, _c[19__?] ( _fGabriel L. Horno) |
||
| 300 |
_a194 p. ; _c22 cm. |
||
| 490 | 1 | _aBiblioteca de jurisprudencia, filosofía e historia | |
| 650 | 0 | 4 |
_aFilosofía- _yS.XVIII. _912825 |
| 650 | 4 |
_aFilosofía- _yS.XIX. _9163575 |
|
| 700 | 1 |
_aSánchez Rojas, José. _9102895 |
|
| 830 | 0 | 0 |
_aBiblioteca de jurisprudencia, filosofía e historia _9180691 |
| 852 |
_aES-MaACL _jF-2439 |
||
| 852 |
_aES-MaACL _jF-14956 |
||
| 999 |
_c117797 _d117797 |
||